<?xml version='1.0' encoding='UTF-8'?>
  <record xmlns="http://www.loc.gov/MARC21/slim">
    <leader>00000nam a22000007i 4500</leader>
    <controlfield tag="001">ocn974192833</controlfield>
    <controlfield tag="003">OCoLC</controlfield>
    <controlfield tag="005">20250221012222.1</controlfield>
    <controlfield tag="008">991018s1665    ne            000 0 dut d</controlfield>
    <datafield tag="040" ind1=" " ind2=" ">
      <subfield code="a">QGJ</subfield>
      <subfield code="b">dut</subfield>
      <subfield code="c">QGJ</subfield>
      <subfield code="d">OCLCL</subfield>
      <subfield code="d">OCLCQ</subfield>
    </datafield>
    <datafield tag="035" ind1=" " ind2=" ">
      <subfield code="a">(OCoLC)974192833</subfield>
    </datafield>
    <datafield tag="245" ind1="0" ind2="0">
      <subfield code="a">Beschrijvinghe van de noordtsche landen, die gelegen zijn onder den koude Noordt-pool, als Denemarcken, Sweden, Noorweghen, Finlandt, Laplandt, Godtland, Pruyssen, Poolen, Ys-landt, en Groenlandt :</subfield>
      <subfield code="b">waer in verhaelt wert de verscheydenheyt der coopmanschappen en kleedinge der inwoonderen : midtsgaders: eenighe vreemdicheden die men aldaer te lande vindt, soo van beesten, voghelen, vissen, en zee-monsters, &amp;c.</subfield>
    </datafield>
    <datafield tag="246" ind1="1" ind2=" ">
      <subfield code="a">Beschryvinghe van de noordtsche landen, die gelegen zijn onder den koude Noordt-pool ...</subfield>
    </datafield>
    <datafield tag="264" ind1=" " ind2="1">
      <subfield code="a">t' Amsterdam :</subfield>
      <subfield code="b">gedruckt by Gillis Joosten Saeghman,</subfield>
      <subfield code="c">[ca. 1665]</subfield>
    </datafield>
    <datafield tag="300" ind1=" " ind2=" ">
      <subfield code="a">40 p. :</subfield>
      <subfield code="b">ill. ;</subfield>
      <subfield code="c">20 cm</subfield>
    </datafield>
    <datafield tag="336" ind1=" " ind2=" ">
      <subfield code="a">tekst</subfield>
      <subfield code="b">txt</subfield>
      <subfield code="2">rdacontent/dut</subfield>
    </datafield>
    <datafield tag="337" ind1=" " ind2=" ">
      <subfield code="a">zonder medium</subfield>
      <subfield code="b">n</subfield>
      <subfield code="2">rdamedia/dut</subfield>
    </datafield>
    <datafield tag="338" ind1=" " ind2=" ">
      <subfield code="a">band</subfield>
      <subfield code="b">nc</subfield>
      <subfield code="2">rdacarrier/dut</subfield>
    </datafield>
    <datafield tag="340" ind1=" " ind2=" ">
      <subfield code="m">4-o.</subfield>
    </datafield>
    <datafield tag="562" ind1=" " ind2=" ">
      <subfield code="a">Binding note: T qu 230 (Rariora) dl 8.</subfield>
      <subfield code="5">NL-UtRU</subfield>
    </datafield>
    <datafield tag="510" ind1="0" ind2=" ">
      <subfield code="a">Tiele, Ned. bibl. van land- en volkenkunde 119</subfield>
    </datafield>
    <datafield tag="500" ind1=" " ind2=" ">
      <subfield code="a">Imprint: T'Amsterdam, gedruckt by Gillis Joosten Saeghman, in de Nieuwe-straet, ordinaris drucker van de Journalen der zee- en landt-reysen.</subfield>
    </datafield>
    <datafield tag="500" ind1=" " ind2=" ">
      <subfield code="a">Illustrations: hoogdruk / letterpress).</subfield>
    </datafield>
    <datafield tag="530" ind1=" " ind2=" ">
      <subfield code="a">Also available in online version.</subfield>
    </datafield>
    <datafield tag="700" ind1="1" ind2=" ">
      <subfield code="a">Sichem, C. v.,</subfield>
      <subfield code="e">engraver.</subfield>
      <subfield code="4">egr</subfield>
    </datafield>
    <datafield tag="700" ind1="1" ind2=" ">
      <subfield code="a">Moll, Gerrit,</subfield>
      <subfield code="e">former owner.</subfield>
      <subfield code="4">fmo</subfield>
      <subfield code="5">NL-UtRU</subfield>
    </datafield>
    <datafield tag="758" ind1=" " ind2=" ">
      <subfield code="a">Beschrijvinghe van de noordtsche landen, die gelegen zijn onder den koude Noordt-pool, als Denemarcken, Sweden, Noorweghen, Finlandt, Laplandt, Godtland, Pruyssen, Poolen, Ys-landt, en Groenlandt (Text)</subfield>
      <subfield code="1">https://id.oclc.org/worldcat/entity/E39PCYgCwvYhrjw8FVGx7Btmbb</subfield>
      <subfield code="4">https://id.oclc.org/worldcat/ontology/hasWork</subfield>
    </datafield>
    <datafield tag="776" ind1="0" ind2="8">
      <subfield code="i">Online version:</subfield>
      <subfield code="t">Beschrijvinghe van de noordtsche landen, die gelegen zijn onder den koude Noordt-pool, als Denemarcken, Sweden, Noorweghen, Finlandt, Laplandt, Godtland, Pruyssen, Poolen, Ys-landt, en Groenlandt :</subfield>
      <subfield code="d">t' Amsterdam : gedruckt by Gillis Joosten Saeghman, [ca. 1665]</subfield>
    </datafield>
    <datafield tag="856" ind1="4" ind2="1">
      <subfield code="u">http://objects.library.uu.nl/reader/resolver.php?obj=001806275&amp;type=2</subfield>
      <subfield code="x">Online</subfield>
      <subfield code="z">Full text</subfield>
    </datafield>
    <datafield tag="936" ind1=" " ind2=" ">
      <subfield code="a">BATCHLOAD</subfield>
    </datafield>
  </record>